| 000 | 00376nam a2200133Ia 4500 | ||
|---|---|---|---|
| 008 | 220217s9999 xx 000 0 und d | ||
| 245 | 0 | _aBrush, rubber squeezer, with handle- specification | |
| 260 | _aNew Delhi | ||
| 260 |
_c1992 _bBIS |
||
| 490 | _aBrushware Sectional Committtee, CHD 024 | ||
| 500 | _aStandard number: IS 13348 | ||
| 650 | _aRubber squeezer | ||
| 942 | _cST | ||
| 999 |
_c73541 _d73541 |
||